Music Quiz

Random Music or Kpop Quiz
Score 0/55 Timer 10:00
1 Play Today
% Correct
Treasure
88%
Weeekly
87.8%
Cravity
84.4%
TOO
83.9%
Secret Number
83.7%
MCND
83.2%
Black Swan
80.7%
Woo!ah!
79.5%
Cignature
79.1%
ITZY
78.2%
X1
76.6%
TXT
75.9%
DKB
74.7%
Everglow
72%
SuperM
71%
BTS
68.5%
AB6IX
67.8%
ATEEZ
65.7%
Stray Kids
64.8%
IZ*ONE
64.6%
ONEUS
64.1%
EXO
62.8%
(G)I-DLE
62.8%
Cherry Bullet
61.4%
LOONA
60.7%
BVNDIT
60%
NCT
59.5%
Blackpink
58.9%
% Correct
Wanna One
58.2%
Twice
57.7%
Red Velvet
57.7%
Seventeen
57.2%
GOT7
56.8%
Weki Meki
56.1%
Mamamoo
53.8%
The Boyz
52.9%
Winner
52.6%
Apink
51%
Pristin
49.9%
Astro
49.9%
iKon
49.9%
fromis_9
49.7%
Pentagon
49.2%
Day6
47.8%
GWSN
46.2%
Dreamcatcher
45.5%
EXID
44.6%
A.C.E
44.4%
CLC
44.4%
KARD
43.7%
Ladies' Code
42.5%
WJSN
40.2%
Momoland
38.6%
Bestie
33.1%
Spectrum
29.9%
Remove Ads.
Support Sporcle.
Get the best of Sporcle when you Go Orange. This ad-free experience offers more features, more stats, and more fun while also helping to support Sporcle. Thank you for becoming a member.

You're not logged in!

Compare scores with friends on all Sporcle quizzes.
OR
Log In

Show Comments

Extras

Top Quizzes Today


Score Distribution

Your Account Isn't Verified!

In order to create a playlist on Sporcle, you need to verify the email address you used during registration. Go to your Sporcle Settings to finish the process.

Report this User

Report this user for behavior that violates our Community Guidelines.

Details: